25 ciudades más pobladas de Canarias - Estadísticas

Estadísticas generales
  • Esta prueba ha sido intentada 830 veces
  • La puntuación promedio es 15 de 25
Estadísticas de respuestas
Pob. Municipio Isla % Correcto
208 k Santa Cruz de Tenerife Tenerife
99%
381 k Las Palmas de Gran Canaria Gran Canaria
98%
158 k San Cristóbal de La Laguna Tenerife
91%
103 k Telde Gran Canaria
81%
64.3 k Arrecife Lanzarote
80%
30.3 k Puerto de la Cruz Tenerife
80%
41.9 k Puerto del Rosario Fuerteventura
80%
53.4 k San Bartolomé de Tirajana Gran Canaria
73%
48.8 k Adeje Tenerife
70%
83.1 k Arona Tenerife
68%
73.9 k Santa Lucía de Tirajana Gran Canaria
58%
42.5 k La Orotava Tenerife
55%
24.5 k Gáldar Gran Canaria
50%
38.6 k Arucas Gran Canaria
47%
23.5 k Icod de los Vinos Tenerife
46%
28.6 k Candelaria Tenerife
42%
27.5 k La Oliva Fuerteventura
42%
52.4 k Granadilla de Abona Tenerife
41%
23.0 k Teguise Lanzarote
41%
24.4 k Tacoronte Tenerife
39%
32.3 k Agüimes Gran Canaria
37%
31.9 k Ingenio Gran Canaria
37%
21.9 k Guía de Isora Tenerife
36%
37.3 k Los Realejos Tenerife
32%
22.1 k San Miguel de Abona Tenerife
25%
No se encontraron pruebas coincidentes
Distribución de puntuación
Porcentaje de gente con cada puntuación
Porcentaje por número respondido
Historial de tus puntuaciones
No has intentado esta prueba.